Sociálny marketing a jeho využite v praxi bakalárska práca

Saved in:
Bibliographic Details
Main Author: Tomaščáková, Mária
Corporate Author: Podnikovohospodárska fakulta EU so sídlom v Košiciach. Katedra obchodného podnikania
Other Authors: Thiessen, Alžbeta, 1988-
Format: Book
Language:Slovak
Published: Košice 2015
Tags: Add Tag
No Tags, Be the first to tag this record!

MARC

LEADER 00000nbm a2200000 4500
001 0202316
005 20161212094552.1
041 0 |a slo 
044 |a SK 
245 1 0 |a Sociálny marketing a jeho využite v praxi  |b bakalárska práca  |c Mária Tomaščáková ; školiteľ: Alžbeta Thiessen 
264 1 |a Košice  |c 2015 
300 |a 60 s. 
100 1 |a Tomaščáková, Mária 
700 1 |a Thiessen, Alžbeta, 1988- 
710 2 |a Podnikovohospodárska fakulta EU so sídlom v Košiciach. Katedra obchodného podnikania